00313nam a22001217a 4500020001800000040000900018082001600027100001800043245006400061260004400125300001200169650001000181 a9781408855676 cNUST a823.914,ROW aRowling, J.K. aHarry Potter: band the prisoner of Azkaban /cJ.k. Rowling aUK bBloomsbury Children's Books c2014 a461 p.; aNoval